Central Library OPAC University of Rajshahi

Stellar evolution : (Record no. 51817)

MARC details
000 -LEADER
fixed length control field 00687nam a2200229 a 4500
001 - CONTROL NUMBER
control field 51817
003 - CONTROL NUMBER IDENTIFIER
rucl marc code BD-RjUL
005 - DATE AND TIME OF LATEST TRANSACTION
control field 20211209075721.0
008 - FIXED-LENGTH DATA ELEMENTS--GENERAL INFORMATION
fixed length control field 160904r19501952nju 001 0 eng d
035 ## - SYSTEM CONTROL NUMBER
System control number (BD-RjUL)51937
040 ## - CATALOGING SOURCE
Original cataloging agency BD-RjUL
Language of cataloging eng
Transcribing agency BD-RjUL
Modifying agency BD-RjUL
041 ## - LANGUAGE CODE
Language code of text/sound track or separate title eng
082 ## - DEWEY DECIMAL CLASSIFICATION NUMBER
Edition number 23
Classification number 523.8
Author mark and year STS 1952
100 1# - MAIN ENTRY--PERSONAL NAME
Personal name Struve, Otto.
9 (RLIN) 155010
245 10 - TITLE STATEMENT
Title Stellar evolution :
Remainder of title an exploration from the observatory /
Statement of responsibility, etc. Otto Struve
260 ## - PUBLICATION, DISTRIBUTION, ETC. (IMPRINT)
Place of publication, distribution, etc. Princeton :
Name of publisher, distributor, etc. Princeton University Press,
Date of publication, distribution, etc. 1950, [Reprinted 1952]
300 ## - PHYSICAL DESCRIPTION
Pagination xiv, 266 p. :
Illustrations ill. ;
Size 25 cm.
500 ## - GENERAL NOTE
General note Includes indexes
650 #0 - SUBJECT ADDED ENTRY--TOPICAL TERM
Topical term or geographic name as entry element Stars
9 (RLIN) 154842
Topical term or geographic name as entry element Sterevolutie.
9 (RLIN) 155011
942 ## - ADDED ENTRY ELEMENTS (KOHA)
Source of classification or shelving scheme Dewey Decimal Classification
Koha item type Books
Holdings
Lost status Source of classification or shelving scheme Damaged status Not for loan Collection code Permanent Location Current Location Shelving location Date acquired Source of acquisition Cost, normal purchase price Total Checkouts Full call number Date last seen Copy number Koha item type
  Dewey Decimal Classification     Non-fiction Central Library, University of Rajshahi Central Library, University of Rajshahi   05/02/1958 Oxford University Press 32.80   523.8 STS 1952 04/09/2016 C-2 Books